|
|
|
|
| LEADER |
00000nam a2200000Ii 4500 |
| 001 |
DIGEJTLOZ156 |
| 003 |
NyNyDIG |
| 006 |
m o d |
| 007 |
cr ||||||||||| |
| 008 |
211104s2007 ck a ob 000 0 spa d |
| 035 |
|
|
|a (OCoLC)1287833005
|
| 040 |
|
|
|a DGITA
|b eng
|e rda
|e pn
|c DGITA
|
| 020 |
|
|
|z 9789589029893
|
| 050 |
1 |
4 |
|a QC981.8.G56 ebook
|
| 100 |
1 |
|
|a Isaza Delgado, José Fernando,
|e author.
|
| 245 |
1 |
0 |
|a Cambio climático :
|b glaciaciones y calentamiento global /
|c José Fernando Isaza Delgado, Diógenes Campos Romero.
|
| 250 |
|
|
|a Primera edición.
|
| 264 |
|
1 |
|a Bogotá :
|b Editorial Utadeo,
|c 2007.
|
| 300 |
|
|
|a 1 online resource :
|b illustrations.
|
| 336 |
|
|
|a text
|b txt
|2 rdacontent
|
| 337 |
|
|
|a computer
|b c
|2 rdamedia
|
| 338 |
|
|
|a online resource
|b cr
|2 rdacarrier
|
| 347 |
|
|
|a text file
|2 rdaft
|
| 347 |
|
|
|b PDF
|
| 504 |
|
|
|a Includes bibliographical references.
|
| 588 |
0 |
|
|a Online resource; title from PDF title page (Digitalia, viewed November 4, 2021)
|
| 650 |
|
0 |
|a Global warming.
|
| 650 |
|
0 |
|a Greenhouse effect, Atmospheric.
|
| 650 |
|
0 |
|a Climatic changes.
|
| 655 |
|
0 |
|a Electronic books.
|
| 700 |
1 |
|
|a Campos Romero, Diógenes,
|e author.
|
| 791 |
2 |
|
|a Digitalia (Firm),
|e distributor.
|
| 793 |
0 |
|
|g Digitalia eBook Collection:
|a Editorial Universidad de Bogotá Jorge Tadeo Lozano
|
| 776 |
0 |
8 |
|i Print version:
|a Isaza Delgado, José Fernando.
|t Cambio climático.
|b Primera edición.
|d Bogotá : Editorial Utadeo, 2007
|z 9789589029893
|
| 856 |
4 |
0 |
|3 Digitalia Hispánica
|u https://www.digitaliapublishing.com/a/46675/
|
| 910 |
|
|
|a Premium collection: 2021
|